| 000 | 01357nam a2200373 i 4500 | ||
|---|---|---|---|
| 001 | 197797 | ||
| 003 | SpMaBN | ||
| 005 | 20250910063137.0 | ||
| 008 | 250812s2023 sp | |||| 000 f spa | ||
| 015 | _aMON23 | ||
| 017 |
_aM 25739-2023 _bOficina Depósito Legal Madrid |
||
| 020 | _a9788418765650 | ||
| 035 | _a(SpMaBN)a7368125 | ||
| 040 |
_aSpMaBN _bspa _cSpMaBN _erda |
||
| 080 | _a821.111-31"18" | ||
| 100 | 1 |
_aJames, Henry, _d1843-1916 _9242228 _eaut |
|
| 240 | 1 | 0 |
_aDaisy Miller _lEspañol |
| 245 | 1 | 0 |
_aDaisy Miller / _cHenry James ; traducción e introducción, Juan-Jose Marcos García. |
| 250 | _aPrimera edición: octubre, 2023 | ||
| 264 | 1 |
_aAlgete, Madrid : _bMestas Ediciones, _c[2023]. |
|
| 300 |
_a93 páginas ; _c19 cm. |
||
| 336 |
_aTexto _2rdacontent |
||
| 337 |
_asin mediación _2rdamedia |
||
| 338 |
_avolumen _2rdacarrier |
||
| 490 | 1 | _aSelección clásicos universales | |
| 655 | 7 |
_aNovelas sociales _9234402 _2tgfbne |
|
| 700 | 1 |
_aMarcos García, Juan-José, _d1963- _9241748 _etrl |
|
| 852 |
_aES-MaACL _cDEPOJ _jN-10649 _xEncuadernación rústica _9206772 _hDonación: Editorial |
||
| 942 |
_cMONOGRAFIA _n0 |
||
| 999 |
_c197797 _d197797 |
||